Mots d'origine amérindienne ( du Nord ) - Statistiques

Statistiques générales
  • Ce quiz a été pris 81 fois
    59 depuis la dernière actualisation
  • Le résultat moyen est 7 sur 18
Statistiques - réponses
Définitions Mots Lettres % Correct
Tente conique traditionnelle des Amérindiens des Grandes Plaines Tipi T
83%
Nom du renne sauvage Caribou C
79%
Chaussure des Amérindiens Mocassin M
73%
Hache de guerre dont se servaient les peuples indigènes de l’Amérique du Nord Tomawak, Tomahawk T
65%
Grand cerf du Canada et de Sibérie Wapiti W
65%
Genre de conifères très élevés, propres à la Californie Séquoia S
58%
Femme indienne d’Amérique du Nord Squaw S
48%
Rassemblement d’indiens d’Amérique Pow-wow P
29%
Mot utilisé pour indiquer la sagesse prêtée aux Indiens d’Amérique du Nord, souvent en levant une main, la paume ouverte vers l'avant Ugh U
29%
Nom donné à leur déité, à leur dieu principal par certains peuples amérindiens Manitou M
25%
Vieillard, ancien, membre du conseil de la nation parmi les peuplades de l’Amérique du Nord Sachem S
25%
Nom donné en Amérique du Nord au mammifère carnivore appelé aussi glouton Carcajou C
23%
Enfant indien d’Amérique du Nord Papoose P
19%
Viande séchée et réduite en poudre, avec des petits fruits, pouvant se conserver des dizaines d'années, même plus Pemmican P
15%
Type d’habitation traditionnelle construite par les Amérindiens semi-nomades d’Amérique du Nord. Wigwam W
12%
Traineau ou luge utilisée en Amérique du Nord pour glisser sur une pente ou par métonymie structure qui permet de descendre en glissant d'un point à un autre Toboggan T
8%
Nom commercial de la fourrure de la mouffette Sconse, Skunks, Sconce, Skungs S
6%
Mustélidé plus gros que la martre, vivant au Canada, parfois chassé pour sa fourrure Pécan P
0%
Aucun quiz correspondant
Distribution des résultats
% des personnes avec chaque résultat
Percentile par nombre de réponses
Votre historique - résultats
Vous n’avez pas pris ce quiz depuis la dernière actualisation